Fact sheet : Switzerland.

Bibliographic Details
Format: Book
Published: Kuala Lumpur: MATRADE, [199-].
Subjects:
LEADER 00437cam a2200157 7i4500
001 0000006519
005 19991025090000.0
002 ##000008211
020 0 0 |a T000006241  
090 0 0 |a MAT 330.9   |b FAC 
245 0 0 |a Fact sheet :   |b Switzerland. 
260 0 0 |a Kuala Lumpur:   |b MATRADE,   |c [199-]. 
300 0 0 |a [n.p]. 
650 0 0 |a Switzerland --   |x Economic conditions  
651 0 0 |a Switzerland  
999 |a 0000009504  |b Book  |c Open shelf  |e Business Information Centre